[Event "CAN-op"]
[Site "Edmonton CAN"]
[Date "2005.07.12"]
[Round "5"]
[White "Laming, Ryan"]
[Black "Gorelik, Lev"]
[Result "1-0"]
[WhiteElo "1756"]
[BlackElo "2147"]
[PlyCount "75"]
[GameId "2160767910901704"]
[EventDate "2005.07.09"]
[EventType "swiss"]
[EventRounds "10"]
[EventCountry "CAN"]
[SourceTitle "CBM 107 Extra"]
[Source "ChessBase"]
[SourceDate "2005.09.01"]
[SourceVersion "1"]
[SourceVersionDate "2005.09.01"]
[SourceQuality "1"]

1. d4 Nf6 2. c4 e6 3. Nc3 c5 4. d5 exd5 5. cxd5 d6 6. e4 g6 7. Nf3 Bg7 8. Bb5+ Nfd7 9. O-O O-O 10. Bf4 Nb6 11. Re1 a6 12. Bf1 f6 13. Qc2 Qe7 14. Nd2 Rd8 15. a4 N6d7 16. Nc4 Ne5 17. Nb6 Ra7 18. a5 Nbd7 19. Nca4 Nf8 20. b4 Bd7 21. bxc5 Bxa4 22. cxd6 Qxd6 23. Bxe5 Bxc2 24. Bxd6 Rxd6 25. Nc8 Rd8 26. Nxa7 f5 27. e5 Re8 28. Rac1 Bb3 29. f4 Bxd5 30. Bc4 Be6 31. Nc8 Bxc4 32. Rxc4 Ne6 33. Nd6 Re7 34. g3 Bf8 35. Rb1 Nd8 36. Kf1 Rd7 37. Rc8 Kg7 38. Rd1 1-0

[Event "CAN-op"]
[Site "Edmonton CAN"]
[Date "2005.07.12"]
[Round "5"]
[White "Li, Zhichao"]
[Black "Rivas Cabrera, Edgar"]
[Result "1-0"]
[WhiteElo "2238"]
[BlackElo "1764"]
[PlyCount "83"]
[GameId "2160767910901706"]
[EventDate "2005.07.09"]
[EventType "swiss"]
[EventRounds "10"]
[EventCountry "CAN"]
[SourceTitle "CBM 107 Extra"]
[Source "ChessBase"]
[SourceDate "2005.09.01"]
[SourceVersion "1"]
[SourceVersionDate "2005.09.01"]
[SourceQuality "1"]

1. e4 c6 2. d4 d5 3. e5 Bf5 4. Nc3 e6 5. g4 Bg6 6. Nge2 h6 7. Nf4 Bh7 8. Bd3 Bxd3 9. Qxd3 Nd7 10. g5 Qxg5 11. Be3 Qe7 12. O-O-O Nb6 13. Rdg1 Qd7 14. h4 h5 15. Nfe2 Ne7 16. Bg5 Nf5 17. Ng3 Nxg3 18. Rxg3 Rg8 19. Qh7 f6 20. Qxg8 fxg5 21. Rf3 Qe7 22. hxg5 Qxg5+ 23. Kb1 Qe7 24. Rxh5 O-O-O 25. Rf7 Qe8 26. Rh8 Nd7 27. a3 a6 28. Rxg7 Bxg7 29. Qxe8 Bxh8 30. Qxe6 Rf8 31. f4 Kd8 32. Qd6 Kc8 33. Qh6 Re8 34. Qg6 Kd8 35. Nd1 Rf8 36. Qh6 Re8 37. Nf2 Rg8 38. Nd3 Kc8 39. Qe6 Rd8 40. Qe7 Rg8 41. f5 Rd8 42. f6 1-0

[Event "CAN-op"]
[Site "Edmonton CAN"]
[Date "2005.07.12"]
[Round "5"]
[White "Mandic, Slaven"]
[Black "Faust, Steven"]
[Result "1-0"]
[WhiteElo "1970"]
[BlackElo "1722"]
[PlyCount "101"]
[GameId "2160767910901707"]
[EventDate "2005.07.09"]
[EventType "swiss"]
[EventRounds "10"]
[EventCountry "CAN"]
[SourceTitle "CBM 107 Extra"]
[Source "ChessBase"]
[SourceDate "2005.09.01"]
[SourceVersion "1"]
[SourceVersionDate "2005.09.01"]
[SourceQuality "1"]

1. f4 d5 2. e3 c5 3. Nf3 Nf6 4. b3 g6 5. Bb2 Bg7 6. Be2 O-O 7. O-O Nc6 8. Ne5 Qc7 9. Nxc6 Qxc6 10. Bf3 Qd7 11. a4 e6 12. Na3 b6 13. d3 Bb7 14. Qe2 Ne8 15. Bxg7 Kxg7 16. Rad1 Nd6 17. e4 d4 18. Nc4 Nxc4 19. dxc4 Qc7 20. e5 Bxf3 21. Rxf3 Rad8 22. g4 h6 23. Qe4 Qc8 24. f5 Qa8 25. Qxa8 Rxa8 26. f6+ Kh7 27. Rfd3 g5 28. c3 dxc3 29. Rxc3 Rfd8 30. Rcd3 Rxd3 31. Rxd3 Kg6 32. Kg2 Kh7 33. Rd7 Kg8 34. Kf3 Kf8 35. Ke4 Ke8 36. Re7+ Kf8 37. a5 bxa5 38. Rc7 Ke8 39. Rxc5 Kd7 40. Rxa5 a6 41. b4 Kc6 42. Rxa6+ Rxa6 43. b5+ Kb6 44. bxa6 Kxa6 45. Kd4 Kb6 46. c5+ Kb5 47. h3 Kc6 48. Kc4 Kc7 49. Kb5 Kb7 50. c6+ Kc7 51. Kc5 1-0

[Event "CAN-op"]
[Site "Edmonton CAN"]
[Date "2005.07.12"]
[Round "5"]
[White "Mattson, Marvin"]
[Black "Nikouline, Alexandre"]
[Result "1-0"]
[WhiteElo "1703"]
[BlackElo "1947"]
[PlyCount "53"]
[GameId "2160767910901708"]
[EventDate "2005.07.09"]
[EventType "swiss"]
[EventRounds "10"]
[EventCountry "CAN"]
[SourceTitle "CBM 107 Extra"]
[Source "ChessBase"]
[SourceDate "2005.09.01"]
[SourceVersion "1"]
[SourceVersionDate "2005.09.01"]
[SourceQuality "1"]

1. c4 Nf6 2. Nc3 e6 3. g3 Be7 4. Bg2 c5 5. e4 Nc6 6. Nge2 O-O 7. O-O d6 8. d3 Bd7 9. b3 a6 10. f4 Qc7 11. Bb2 Rac8 12. Qd2 Rfd8 13. Kh1 Nb4 14. d4 cxd4 15. Nxd4 Nc6 16. Nf3 Ne8 17. f5 Bf6 18. g4 Ne5 19. g5 Nxf3 20. Rxf3 Be5 21. Raf1 Bxc3 22. Bxc3 d5 23. fxe6 Bxe6 24. exd5 Bg4 25. Rxf7 Qxf7 26. Rxf7 Kxf7 27. Qf4+ 1-0

[Event "CAN-op"]
[Site "Edmonton CAN"]
[Date "2005.07.12"]
[Round "5"]
[White "McGowan, Gary"]
[Black "Lauritson, Jim"]
[Result "1/2-1/2"]
[WhiteElo "2415"]
[BlackElo "1910"]
[PlyCount "38"]
[GameId "2160767910901709"]
[EventDate "2005.07.09"]
[EventType "swiss"]
[EventRounds "10"]
[EventCountry "CAN"]
[SourceTitle "CBM 107 Extra"]
[Source "ChessBase"]
[SourceDate "2005.09.01"]
[SourceVersion "1"]
[SourceVersionDate "2005.09.01"]
[SourceQuality "1"]

1. c4 c5 2. Nc3 Nc6 3. e4 g6 4. g3 Bg7 5. Bg2 e6 6. Nge2 Nge7 7. d3 O-O 8. Be3 Nd4 9. O-O Nec6 10. Rb1 a6 11. a3 Rb8 12. b4 d6 13. bxc5 dxc5 14. Bf4 e5 15. Bd2 Bg4 16. f3 Be6 17. Nd5 Nxe2+ 18. Qxe2 Nd4 19. Qd1 b5 1/2-1/2

[Event "CAN-op"]
[Site "Edmonton CAN"]
[Date "2005.07.12"]
[Round "5"]
[White "Miller, Brian"]
[Black "Doubleday, William"]
[Result "0-1"]
[WhiteElo "1870"]
[BlackElo "2069"]
[PlyCount "78"]
[GameId "2160767910901710"]
[EventDate "2005.07.09"]
[EventType "swiss"]
[EventRounds "10"]
[EventCountry "CAN"]
[SourceTitle "CBM 107 Extra"]
[Source "ChessBase"]
[SourceDate "2005.09.01"]
[SourceVersion "1"]
[SourceVersionDate "2005.09.01"]
[SourceQuality "1"]

1. d4 Nf6 2. c4 e6 3. Nf3 d5 4. Bg5 c6 5. Nc3 dxc4 6. e3 b5 7. a4 Bb4 8. axb5 cxb5 9. Nd2 Bd7 10. Qc2 Qc8 11. Bxf6 gxf6 12. Nde4 f5 13. Nf6+ Ke7 14. Nh5 Qc6 15. Nf4 Qe4 16. Qd2 Qb7 17. f3 Kf8 18. Qf2 Bc6 19. Qh4 Qe7 20. Qh6+ Ke8 21. Nh5 Nd7 22. Ng7+ Kd8 23. Nxf5 Qf6 24. Qxf6+ Nxf6 25. Ng3 Kc7 26. Kf2 a5 27. Be2 a4 28. Rhc1 a3 29. bxa3 Bxa3 30. Rc2 Be7 31. Nxb5+ Bxb5 32. Rb1 Rhb8 33. Bxc4 Bxc4 34. Rxc4+ Kd7 35. Rbc1 Rb2+ 36. Kg1 Raa2 37. Rc7+ Ke8 38. Rc8+ Bd8 39. R1c6 Nd5 0-1

[Event "CAN-op"]
[Site "Edmonton CAN"]
[Date "2005.07.12"]
[Round "5"]
[White "Mohota, Nisha"]
[Black "Ingram, Richard"]
[Result "1-0"]
[WhiteElo "2343"]
[BlackElo "2056"]
[PlyCount "65"]
[GameId "2160767910901711"]
[EventDate "2005.07.09"]
[EventType "swiss"]
[EventRounds "10"]
[EventCountry "CAN"]
[SourceTitle "CBM 107 Extra"]
[Source "ChessBase"]
[SourceDate "2005.09.01"]
[SourceVersion "1"]
[SourceVersionDate "2005.09.01"]
[SourceQuality "1"]

1. d4 Nf6 2. c4 g6 3. Nc3 Bg7 4. e4 d6 5. Nf3 O-O 6. Be2 e5 7. Be3 Ng4 8. Bg5 f6 9. Bc1 Bh6 10. Bxh6 Nxh6 11. h4 Bg4 12. dxe5 dxe5 13. Qb3 Qc8 14. Nd5 Nc6 15. Qe3 Kg7 16. h5 Rh8 17. Nxf6 Bxf3 18. Bxf3 Nd4 19. O-O-O Qe6 20. Nd5 c6 21. Rxd4 exd4 22. Qxd4+ Kf7 23. Nc7 c5 24. Qc3 Qe7 25. Nxa8 Qg5+ 26. Qd2 Qxd2+ 27. Kxd2 Rxa8 28. hxg6+ Kxg6 29. e5 Rd8+ 30. Ke2 Rd4 31. b3 b5 32. cxb5 Nf7 33. Bh5+ 1-0

[Event "CAN-op"]
[Site "Edmonton CAN"]
[Date "2005.07.12"]
[Round "5"]
[White "Neven, Knut"]
[Black "Gluckie, Jamin"]
[Result "1-0"]
[WhiteElo "2233"]
[BlackElo "1907"]
[PlyCount "97"]
[GameId "2160767910901713"]
[EventDate "2005.07.09"]
[EventType "swiss"]
[EventRounds "10"]
[EventCountry "CAN"]
[SourceTitle "CBM 107 Extra"]
[Source "ChessBase"]
[SourceDate "2005.09.01"]
[SourceVersion "1"]
[SourceVersionDate "2005.09.01"]
[SourceQuality "1"]

1. d4 e6 2. c4 Nf6 3. Nf3 c5 4. g3 d5 5. cxd5 exd5 6. Bg2 Nc6 7. O-O Be7 8. dxc5 Bxc5 9. Bg5 Be6 10. Nc3 O-O 11. Rc1 Be7 12. Nd4 Qb6 13. Nxe6 fxe6 14. Bh3 Ne5 15. Qb3 Qa6 16. Qa4 Qb6 17. Qb3 Qa6 18. Nb5 Kh8 19. Nd4 h6 20. Bxf6 Bxf6 21. Rc7 Bd8 22. Qxb7 Qxb7 23. Rxb7 Bb6 24. Nxe6 g5 25. Nc7 Rad8 26. Bg2 Rf7 27. Rxb6 axb6 28. Nxd5 Ra7 29. a3 Nc4 30. f4 Rxd5 31. Bxd5 Ne3 32. Be6 Nxf1 33. Kxf1 gxf4 34. gxf4 Rc7 35. Kf2 Rc2 36. b3 Kg7 37. Kf3 Kf6 38. Bc4 Ra2 39. a4 Rb2 40. h4 Rb1 41. e4 Rg1 42. e5+ Kf5 43. Bd3+ Ke6 44. Ke4 Rg4 45. h5 Rh4 46. b4 Rxh5 47. f5+ Ke7 48. f6+ Kf8 49. e6 1-0

[Event "CAN-op"]
[Site "Edmonton CAN"]
[Date "2005.07.12"]
[Round "5"]
[White "Nguyen, Kim"]
[Black "Dougherty, Michael"]
[Result "1/2-1/2"]
[WhiteElo "2060"]
[BlackElo "2332"]
[PlyCount "126"]
[GameId "2160767910901714"]
[EventDate "2005.07.09"]
[EventType "swiss"]
[EventRounds "10"]
[EventCountry "CAN"]
[SourceTitle "CBM 107 Extra"]
[Source "ChessBase"]
[SourceDate "2005.09.01"]
[SourceVersion "1"]
[SourceVersionDate "2005.09.01"]
[SourceQuality "1"]

1. e4 c5 2. Nf3 Nc6 3. d4 cxd4 4. Nxd4 Nf6 5. Nc3 d6 6. Bc4 Qb6 7. Nde2 e6 8. O-O a6 9. Bb3 Be7 10. Kh1 Qc7 11. Bg5 b5 12. Ng3 Na5 13. f4 Nxb3 14. axb3 Bb7 15. f5 b4 16. Na4 Nxe4 17. Nxe4 Bxe4 18. Bxe7 Qxe7 19. fxe6 Qxe6 20. Qd4 Qg4 21. Qd2 O-O 22. Nb6 Rae8 23. Rf2 f5 24. Nd7 Rf7 25. Qxd6 Rfe7 26. Raf1 Re6 27. Qf4 Qxf4 28. Rxf4 Rc8 29. Kg1 Rxc2 30. R4f2 Rc7 31. Rd2 Kf7 32. Rfd1 Ke7 33. Kf2 Rec6 34. Nb8 Rb6 35. Nd7 Rb5 36. g3 Rc2 37. Rxc2 Bxc2 38. Rc1 Bxb3 39. Nc5 Bd5 40. Nxa6 Rb6 41. Nc5 g5 42. Ke3 Rh6 43. Kd4 Kd6 44. Rf1 Rf6 45. h4 h6 46. hxg5 hxg5 47. Ra1 Bc6 48. Ra6 Kc7 49. Ke5 Rh6 50. Kxf5 Rh2 51. b3 Rc2 52. Ne6+ Kb7 53. Ra5 Bd7 54. Kf6 g4 55. Rg5 Kb6 56. Rxg4 Re2 57. Rxb4+ Ka5 58. Nf4 Re3 59. Rd4 Rxg3 60. Nd3 Bc6 61. Ne5 Bb5 62. Nc4+ Bxc4 63. bxc4 Kb4 1/2-1/2

[Event "CAN-op"]
[Site "Edmonton CAN"]
[Date "2005.07.12"]
[Round "5"]
[White "Pechisker, Alfred"]
[Black "Taylor, William"]
[Result "1-0"]
[WhiteElo "2190"]
[BlackElo "1900"]
[PlyCount "61"]
[GameId "2160767910901715"]
[EventDate "2005.07.09"]
[EventType "swiss"]
[EventRounds "10"]
[EventCountry "CAN"]
[SourceTitle "CBM 107 Extra"]
[Source "ChessBase"]
[SourceDate "2005.09.01"]
[SourceVersion "1"]
[SourceVersionDate "2005.09.01"]
[SourceQuality "1"]

1. d4 Nf6 2. c4 g6 3. Nc3 d5 4. Bg5 Ne4 5. Bh4 Nxc3 6. bxc3 c6 7. e3 Bg7 8. Qb3 O-O 9. Nf3 f6 10. Be2 e6 11. O-O b6 12. Rac1 Ba6 13. Rfe1 Bxc4 14. Bxc4 dxc4 15. Qxc4 Qd5 16. Qe2 Re8 17. e4 Qa5 18. Qc4 b5 19. Qb3 Qd8 20. e5 a5 21. a4 bxa4 22. Qxa4 g5 23. exf6 Bxf6 24. Bg3 h5 25. Bxb8 Rxb8 26. Qxc6 Qc8 27. Qe4 Qb7 28. Qg6+ Qg7 29. Qxh5 g4 30. Ne5 Qg5 31. Qf7+ 1-0

[Event "CAN-op"]
[Site "Edmonton CAN"]
[Date "2005.07.12"]
[Round "5"]
[White "Peng, David Yu"]
[Black "Krush, Irina"]
[Result "1/2-1/2"]
[WhiteElo "2120"]
[BlackElo "2444"]
[PlyCount "76"]
[GameId "2160767910901716"]
[EventDate "2005.07.09"]
[EventType "swiss"]
[EventRounds "10"]
[EventCountry "CAN"]
[SourceTitle "CBM 107 Extra"]
[Source "ChessBase"]
[SourceDate "2005.09.01"]
[SourceVersion "1"]
[SourceVersionDate "2005.09.01"]
[SourceQuality "1"]

1. d4 Nf6 2. Bg5 d5 3. Nf3 Ne4 4. Bf4 c5 5. e3 Qb6 6. Qc1 Nc6 7. c3 Bf5 8. Nbd2 e6 9. Nh4 Nxd2 10. Qxd2 Be4 11. f3 Bg6 12. Nxg6 hxg6 13. Bd3 Qd8 14. O-O-O c4 15. Bb1 b5 16. e4 Bd6 17. exd5 exd5 18. Be5 Kf8 19. Qf4 Be7 20. h4 Kg8 21. Qg4 Rxh4 22. Rxh4 Bxh4 23. f4 Bf2 24. Bxg6 Nxe5 25. dxe5 Qh4 26. Qxh4 Bxh4 27. Bh5 Bg3 28. Rd4 Rd8 29. Bf3 a5 30. Kd2 b4 31. Ke3 bxc3 32. bxc3 g5 33. fxg5 Bxe5 34. Rxd5 Rxd5 35. Bxd5 Bxc3 36. g6 Kg7 37. gxf7 a4 38. Bxc4 a3 1/2-1/2

[Event "CAN-op"]
[Site "Edmonton CAN"]
[Date "2005.07.12"]
[Round "5"]
[White "Sladek, Vaclav"]
[Black "Mattson, Dane"]
[Result "1/2-1/2"]
[WhiteElo "2047"]
[BlackElo "1819"]
[PlyCount "116"]
[GameId "2160767910901720"]
[EventDate "2005.07.09"]
[EventType "swiss"]
[EventRounds "10"]
[EventCountry "CAN"]
[SourceTitle "EXT 2022"]
[Source "ChessBase"]
[SourceDate "2021.10.06"]
[SourceVersion "1"]
[SourceVersionDate "2021.10.06"]
[SourceQuality "1"]

1. d4 e6 2. c4 Nf6 3. Nc3 Bb4 4. Qc2 d5 5. a3 Bxc3+ 6. Qxc3 Ne4 7. Qc2 c5 8. dxc5 Nc6 9. Nf3 Qa5+ 10. Bd2 Nxd2 11. Qxd2 Qxc5 12. cxd5 Qxd5 13. Qxd5 exd5 14. e3 O-O 15. Bb5 Nd8 16. Rd1 Be6 17. O-O a6 18. Ba4 Nc6 19. Bxc6 bxc6 20. Rc1 Rfc8 21. Rc5 Rab8 22. b4 Rb5 23. Rfc1 Rxc5 24. Rxc5 f6 25. Nd4 Bd7 26. Ra5 Ra8 27. Nb3 Kf7 28. Nc5 Bc8 29. Kf1 Ke7 30. Ke2 Kd6 31. Kd3 Kc7 32. Kd4 Kd6 33. Nb3 Ra7 34. Rc5 Re7 35. Kc3 g6 36. Nd4 Bd7 37. Kd3 h6 38. Rc1 a5 39. Rc5 axb4 40. axb4 Re8 41. Ra5 Rc8 42. Ra6 Ke7 43. Nb3 c5 44. Kc3 cxb4+ 45. Kxb4 Rc4+ 46. Ka3 Rc2 47. Ra7 Kd6 48. Ra6+ Ke7 49. Ra7 Kd8 50. Kb4 Rxf2 51. Nc5 Bc6 52. Ne6+ Ke8 53. Kc5 Bd7 54. Kd6 Bxe6 55. Ra8+ Kf7 56. Ra7+ Ke8 57. Ra8+ Kf7 58. Ra7+ Ke8 1/2-1/2

[Event "CAN-op"]
[Site "Edmonton CAN"]
[Date "2005.07.12"]
[Round "5"]
[White "Stark, Mark"]
[Black "Dzieciolowski, Piotr"]
[Result "1-0"]
[WhiteElo "1832"]
[BlackElo "1686"]
[PlyCount "79"]
[GameId "2160767910901721"]
[EventDate "2005.07.09"]
[EventType "swiss"]
[EventRounds "10"]
[EventCountry "CAN"]
[SourceTitle "CBM 107 Extra"]
[Source "ChessBase"]
[SourceDate "2005.09.01"]
[SourceVersion "1"]
[SourceVersionDate "2005.09.01"]
[SourceQuality "1"]

1. d4 d5 2. g3 Nf6 3. Bg2 g6 4. b4 Bg7 5. Bb2 O-O 6. Nf3 Re8 7. O-O e6 8. Nbd2 Nbd7 9. c4 dxc4 10. Nxc4 Nb6 11. Qb3 Bd7 12. a4 Nxc4 13. Qxc4 a6 14. Ne5 c6 15. e4 b5 16. Qb3 bxa4 17. Qxa4 Qb6 18. Nxd7 Nxd7 19. e5 Rec8 20. Rfc1 Nb8 21. b5 Ra7 22. Rc2 Bf8 23. bxc6 Rac7 24. Rac1 Qb5 25. Qxb5 axb5 26. d5 exd5 27. Bxd5 Re8 28. Bd4 Ba3 29. Rb1 b4 30. Bb6 Na6 31. f4 Rb8 32. Bxc7 Nxc7 33. Bb3 Rd8 34. Kf2 Kf8 35. Ke2 Ke7 36. Rd1 Rxd1 37. Kxd1 Ke8 38. Rd2 Ne6 39. Bxe6 fxe6 40. Ke2 1-0

[Event "CAN-op"]
[Site "Edmonton CAN"]
[Date "2005.07.12"]
[Round "5"]
[White "Steininger, Gavin"]
[Black "Peter, Steven"]
[Result "0-1"]
[WhiteElo "2011"]
[BlackElo "2297"]
[PlyCount "74"]
[GameId "2160767910901722"]
[EventDate "2005.07.09"]
[EventType "swiss"]
[EventRounds "10"]
[EventCountry "CAN"]
[SourceTitle "CBM 107 Extra"]
[Source "ChessBase"]
[SourceDate "2005.09.01"]
[SourceVersion "1"]
[SourceVersionDate "2005.09.01"]
[SourceQuality "1"]

1. e4 c5 2. Nf3 Nc6 3. d4 cxd4 4. Nxd4 Nf6 5. Nc3 d6 6. Bg5 e6 7. Qd2 a6 8. O-O-O Bd7 9. Nb3 b5 10. f4 b4 11. Bxf6 gxf6 12. Ne2 Qb6 13. Ned4 h5 14. Kb1 Nxd4 15. Qxd4 Qxd4 16. Rxd4 a5 17. Be2 Bc6 18. Bf3 h4 19. Rhd1 e5 20. Rc4 Kd7 21. Bg4+ Kc7 22. c3 bxc3 23. Rc1 Kb6 24. R1xc3 Bb7 25. Nd2 d5 26. Rc7 Bb4 27. Rxf7 Bxc3 28. Rxf6+ Ka7 29. bxc3 dxe4 30. fxe5 Rhf8 31. Bh5 Rxf6 32. exf6 Rf8 33. f7 Bd5 34. c4 Bxf7 35. Bxf7 Rxf7 36. Nxe4 Rf4 37. Nd6 Rf1+ 0-1

[Event "CAN-op"]
[Site "Edmonton CAN"]
[Date "2005.07.12"]
[Round "5"]
[White "Thipsay, Bagyashree Sathe"]
[Black "Lawson, Jonathan"]
[Result "1-0"]
[WhiteElo "2269"]
[BlackElo "1782"]
[PlyCount "69"]
[GameId "2160767910901723"]
[EventDate "2005.07.09"]
[EventType "swiss"]
[EventRounds "10"]
[EventCountry "CAN"]
[SourceTitle "CBM 107 Extra"]
[Source "ChessBase"]
[SourceDate "2005.09.01"]
[SourceVersion "1"]
[SourceVersionDate "2005.09.01"]
[SourceQuality "1"]

1. e4 e5 2. Nf3 Nc6 3. Nc3 Nf6 4. Bb5 Bc5 5. O-O d6 6. d4 exd4 7. Nxd4 Bd7 8. Bxc6 Bxc6 9. Nxc6 bxc6 10. Bg5 h6 11. Bf4 Nd7 12. Na4 Qf6 13. Bd2 Bd4 14. c3 Bb6 15. Rc1 O-O 16. c4 Bd4 17. Bc3 Bxc3 18. Nxc3 a5 19. b3 Rfe8 20. f3 Nc5 21. Ne2 Reb8 22. Nd4 Rb6 23. Qd2 Rab8 24. Rb1 Ne6 25. Nxe6 fxe6 26. Qxa5 Qd4+ 27. Rf2 Rb4 28. Qxc7 Ra8 29. Rbb2 Rxb3 30. Rxb3 Rxa2 31. Qb8+ Kh7 32. Rbb2 Ra1+ 33. Rb1 Ra2 34. Rbf1 Rxf2 35. Rxf2 1-0

[Event "CAN-op"]
[Site "Edmonton CAN"]
[Date "2005.07.12"]
[Round "5"]
[White "Thomson, Bruce"]
[Black "Culjaga, Nikolai"]
[Result "0-1"]
[WhiteElo "1676"]
[BlackElo "1927"]
[PlyCount "80"]
[GameId "2160767910901724"]
[EventDate "2005.07.09"]
[EventType "swiss"]
[EventRounds "10"]
[EventCountry "CAN"]

1. e4 c5 2. g3 a6 3. Bg2 Nc6 4. b3 d6 5. Bb2 e5 6. d3 Be6 7. Nf3 Qd7 8. O-O Be7 9. Nbd2 h5 10. Nc4 Bxc4 11. bxc4 h4 12. Bc1 Nd8 13. Bd2 Ne6 14. c3 g5 15. Qc1 g4 16. Nxh4 Bxh4 17. Qd1 Be7 18. Qxg4 Nf6 19. Qd1 Nh7 20. Rb1 Neg5 21. Bxg5 Nxg5 22. f3 Nh3+ 23. Bxh3 Rxh3 24. Rb2 Bg5 25. Re1 O-O-O 26. Ree2 f5 27. Qf1 Rdh8 28. Qd1 Qh7 29. Qb3 Bc1 30. Rbc2 Rxg3+ 31. Kh1 Rh3 32. Qb1 Bf4 33. Qg1 Rxf3 34. d4 cxd4 35. cxd4 exd4 36. Rb2 Be3 37. Qg2 Qh3 38. Qxh3 Rfxh3 39. Rg2 Rf3 40. Rg7 Rf1+ 0-1

[Event "CAN-op"]
[Site "Edmonton CAN"]
[Date "2005.07.12"]
[Round "5"]
[White "Tot, Nandor"]
[Black "Smith, Maurice"]
[Result "1-0"]
[WhiteElo "1924"]
[BlackElo "1708"]
[PlyCount "99"]
[GameId "2160767910901725"]
[EventDate "2005.07.09"]
[EventType "swiss"]
[EventRounds "10"]
[EventCountry "CAN"]
[SourceTitle "CBM 107 Extra"]
[Source "ChessBase"]
[SourceDate "2005.09.01"]
[SourceVersion "1"]
[SourceVersionDate "2005.09.01"]
[SourceQuality "1"]

1. d4 Nf6 2. c4 c5 3. Nf3 cxd4 4. Nxd4 d6 5. Nc3 Bd7 6. e4 g6 7. Be2 Bg7 8. Be3 Nc6 9. O-O O-O 10. Qd2 Nxd4 11. Bxd4 Bc6 12. f3 Rc8 13. a4 a6 14. b4 Ne8 15. Be3 Bd7 16. Ra3 Be6 17. Nd5 Bxd5 18. exd5 Nf6 19. Rd1 Nd7 20. a5 Qe8 21. f4 Nf6 22. Qd3 Qd7 23. b5 Ng4 24. Bb6 Nh6 25. Bd4 Bxd4+ 26. Qxd4 Qc7 27. Kh1 Qc5 28. Qxc5 Rxc5 29. g4 f5 30. g5 Ng4 31. Kg2 axb5 32. cxb5 Rc2 33. Re1 Re8 34. h3 Nf6 35. gxf6 exf6 36. Kf3 g5 37. fxg5 fxg5 38. Re3 Ra8 39. a6 bxa6 40. bxa6 Rc5 41. Rd1 h5 42. Re7 g4+ 43. hxg4 fxg4+ 44. Kf4 Rf8+ 45. Kg5 g3 46. Rg1 Rxd5+ 47. Kh4 Kh8 48. Rxg3 Rd2 49. a7 Rd4+ 50. Kh3 1-0

[Event "CAN-op"]
[Site "Edmonton CAN"]
[Date "2005.07.12"]
[Round "5"]
[White "Trandafir, Stefan"]
[Black "Dean, Tim"]
[Result "1/2-1/2"]
[WhiteElo "1731"]
[BlackElo "2002"]
[PlyCount "102"]
[GameId "2160767910901726"]
[EventDate "2005.07.09"]
[EventType "swiss"]
[EventRounds "10"]
[EventCountry "CAN"]
[SourceTitle "CBM 107 Extra"]
[Source "ChessBase"]
[SourceDate "2005.09.01"]
[SourceVersion "1"]
[SourceVersionDate "2005.09.01"]
[SourceQuality "1"]

1. d4 Nf6 2. c4 e5 3. dxe5 Ng4 4. Nf3 Bc5 5. e3 Nc6 6. Nc3 a5 7. Be2 O-O 8. O-O Re8 9. Qc2 Ngxe5 10. Nd5 Ra6 11. Bd2 Nxf3+ 12. Bxf3 Ne5 13. Be4 Rh6 14. Bc3 Qh4 15. h3 d6 16. Bf5 c6 17. Bxe5 Bxf5 18. Qxf5 cxd5 19. Bg3 Qxc4 20. Qd7 Rhe6 21. Qxb7 h5 22. Rfd1 Rg6 23. Qxd5 Qxd5 24. Rxd5 Bxe3 25. Bxd6 Bb6 26. Bc5 Bxc5 27. Rxc5 Re2 28. Rxh5 Rxb2 29. Rxa5 Rf6 30. Rf1 Rd6 31. Ra8+ Kh7 32. a4 Ra2 33. Ra7 Rd4 34. Rxf7 Rdxa4 35. Re1 Ra6 36. Ree7 Rg6 37. g3 Kh6 38. Kg2 Ra3 39. g4 Rb3 40. f3 Ra3 41. h4 Kh7 42. Rf5 Rb6 43. Rg5 Rb2+ 44. Kg3 Kh8 45. Rexg7 Rxf3+ 46. Kxf3 Rf2+ 47. Ke4 Re2+ 48. Kd5 Rd2+ 49. Ke6 Rd6+ 50. Ke5 Rd5+ 51. Kf4 Rd4+ 1/2-1/2

[Event "CAN-op"]
[Site "Edmonton CAN"]
[Date "2005.07.12"]
[Round "5"]
[White "Venkatesh, Marani Rajendran"]
[Black "Nataf, Igor A"]
[Result "1/2-1/2"]
[WhiteElo "2475"]
[BlackElo "2603"]
[PlyCount "22"]
[GameId "2160767910901728"]
[EventDate "2005.07.09"]
[EventType "swiss"]
[EventRounds "10"]
[EventCountry "CAN"]
[SourceTitle "CBM 107 Extra"]
[Source "ChessBase"]
[SourceDate "2005.09.01"]
[SourceVersion "1"]
[SourceVersionDate "2005.09.01"]
[SourceQuality "1"]

1. e4 c5 2. Nf3 Nc6 3. Bb5 e6 4. O-O Nge7 5. c3 a6 6. Ba4 b5 7. Bc2 Bb7 8. Qe2 Rc8 9. a4 b4 10. Rd1 Na5 11. e5 Ng6 1/2-1/2

[Event "CAN-op"]
[Site "Edmonton CAN"]
[Date "2005.07.12"]
[Round "5"]
[White "Vincent, Trevor"]
[Black "Me, Kevin"]
[Result "1-0"]
[WhiteElo "2000"]
[BlackElo "1737"]
[PlyCount "95"]
[GameId "2160767910901729"]
[EventDate "2005.07.09"]
[EventType "swiss"]
[EventRounds "10"]
[EventCountry "CAN"]
[SourceTitle "CBM 107 Extra"]
[Source "ChessBase"]
[SourceDate "2005.09.01"]
[SourceVersion "1"]
[SourceVersionDate "2005.09.01"]
[SourceQuality "1"]

1. c4 e5 2. g3 c6 3. d4 exd4 4. Qxd4 Nf6 5. Bg2 Be7 6. Nf3 d6 7. O-O O-O 8. Nc3 Na6 9. Bf4 Nc7 10. Rfd1 Ne6 11. Qd2 Nxf4 12. Qxf4 Qb6 13. Rd2 h6 14. Rad1 Ng4 15. Qd4 Qxd4 16. Rxd4 d5 17. h3 Bc5 18. hxg4 Bxd4 19. Rxd4 dxc4 20. Rxc4 Be6 21. Ra4 Rfe8 22. g5 hxg5 23. Nxg5 a6 24. Rb4 Re7 25. Nxe6 fxe6 26. Bf3 Rd8 27. Rb6 e5 28. Ne4 Rd5 29. e3 Rb5 30. Rxb5 axb5 31. a3 Kf7 32. Bg4 Kg6 33. Kf1 b6 34. Ke1 Rc7 35. Kd2 Ra7 36. Kc3 Rc7 37. f4 exf4 38. gxf4 Kf7 39. Ng5+ Kf6 40. e4 g6 41. e5+ Ke7 42. Be2 Ra7 43. Bd1 Kf8 44. Bc2 Kg7 45. Ne6+ Kf7 46. Nd8+ Ke8 47. Nxc6 Rc7 48. Bxg6+ 1-0

[Event "CAN-op"]
[Site "Edmonton CAN"]
[Date "2005.07.12"]
[Round "5"]
[White "Walker, Adrian1"]
[Black "Milne, Arthur"]
[Result "1/2-1/2"]
[WhiteElo "1559"]
[BlackElo "1876"]
[PlyCount "84"]
[GameId "2160767910901730"]
[EventDate "2005.07.09"]
[EventType "swiss"]
[EventRounds "10"]
[EventCountry "CAN"]
[SourceTitle "CBM 107 Extra"]
[Source "ChessBase"]
[SourceDate "2005.09.01"]
[SourceVersion "1"]
[SourceVersionDate "2005.09.01"]
[SourceQuality "1"]

1. e4 Nc6 2. Nf3 d6 3. d4 Nf6 4. Bd3 Bg4 5. c3 e6 6. Be3 Be7 7. O-O d5 8. Nbd2 Bh5 9. Re1 Bg6 10. Bf4 O-O 11. Qc2 dxe4 12. Nxe4 Nxe4 13. Bxe4 Bf6 14. Rad1 Ne7 15. Ne5 Bxe4 16. Qxe4 c6 17. Ng4 Nd5 18. Nxf6+ Nxf6 19. Qd3 Qa5 20. c4 Rad8 21. h3 Rd7 22. Be5 Rfd8 23. Qb3 c5 24. dxc5 Qxc5 25. Rxd7 Rxd7 26. Qg3 Kf8 27. Qg5 h6 28. Qc1 Ne8 29. b3 f6 30. Bb2 Kf7 31. Rd1 Rc7 32. Qd2 Qe7 33. Qd8 Qxd8 34. Rxd8 Ke7 35. Rd2 e5 36. Kf1 Ke6 37. Ke2 Nd6 38. Ke3 Nf5+ 39. Ke4 Nh4 40. f4 exf4 41. Kxf4 Ng6+ 42. Ke4 Ne7 1/2-1/2